Welcome to CU Library Online Public Access Catalogue (OPAC)

An Introduction to financial Products and markets (Record no. 3282)

MARC details
000 -LEADER
fixed length control field 00384nam a22001457a 4500
005 - DATE AND TIME OF LATEST TRANSACTION
control field 20250131110500.0
008 - FIXED-LENGTH DATA ELEMENTS--GENERAL INFORMATION
fixed length control field 250131b |||||||| |||| 00| 0 eng d
020 ## - INTERNATIONAL STANDARD BOOK NUMBER
International Standard Book Number 9780826448866
050 ## - LIBRARY OF CONGRESS CALL NUMBER
Classification number HG4521
Item number FEL
100 ## - MAIN ENTRY--PERSONAL NAME
Personal name Fell, Lindsay
245 ## - TITLE STATEMENT
Title An Introduction to financial Products and markets
260 ## - PUBLICATION, DISTRIBUTION, ETC.
Place of publication, distribution, etc. London
Name of publisher, distributor, etc. Continuum
Date of publication, distribution, etc. c2000
300 ## - PHYSICAL DESCRIPTION
Extent viii, 229p
942 ## - ADDED ENTRY ELEMENTS (KOHA)
Source of classification or shelving scheme Library of Congress Classification
Koha item type Books
Suppress in OPAC No
999 ## -
-- 3282
-- 3282
Holdings
Withdrawn status Lost status Source of classification or shelving scheme Damaged status Not for loan Collection Home library Current library Shelving location Date acquired Total checkouts Full call number Barcode Date last seen Copy number Price effective from Koha item type
    Library of Congress Classification     Non-fiction Undergraduate Library (Christ Temple) Undergraduate Library (Christ Temple) General stacks 01/31/2025   HG4521 FEL ulct00001015 01/31/2025 1 01/31/2025 Books
© 2023-2024 Copyright: Central University Libraries. All Rights Reserved | Created by: Mahone Tech Office